000 00367pab a2200145 454500
008 180718b1989 xxu||||| |||| 00| 0 eng d
100 _aPatterson, Samuel C.
245 _aParty leadership in the U.S. Senate
260 _c1989
300 _a393-413
362 _aAug.
650 _aLegislators - U.S.A.
773 _aLegislative Studies Quarterly
909 _a12532
999 _c12532
_d12532